Les caprices de Marianne

Salvato in:
Dettagli Bibliografici
Autore principale: Musset
Natura: Libro
Lingua:Undetermined
Pubblicazione: París, Francia Bordas 1964
Soggetti:
Tags: Aggiungi Tag
Nessun Tag, puoi essere il primo ad aggiungerne!!

MARC

LEADER 00000nam a2200000Ia 4500
008 170316s9999 xx 000 0 und d
040 |a cru BVZT 
090 |a 840 M-29c 
100 |a Musset 
245 |a Les caprices de Marianne 
260 |a París, Francia 
260 |b Bordas 
260 |c 1964 
300 |a 126 páginas 
650 |a LITERATURA FRANCESA 
999 |c 7845  |d 7845 
942 |c 15 D  |h 840 M-29c  |2 z